Making of Pakistan (Record no. 63175)

000 -LEADER
fixed length control field 00484nam a22001817a 4500
003 - CONTROL NUMBER IDENTIFIER
control field NUST - PNEC
005 - DATE AND TIME OF LATEST TRANSACTION
control field 20170116180806.0
008 - FIXED-LENGTH DATA ELEMENTS--GENERAL INFORMATION
fixed length control field 150422b xxu||||| |||| 00| 0 eng d
020 ## - INTERNATIONAL STANDARD BOOK NUMBER
International Standard Book Number 8175100656
040 ## - CATALOGING SOURCE
Transcribing agency LIBRARY
082 ## - DEWEY DECIMAL CLASSIFICATION NUMBER
Classification number 954.035 NOO
100 ## - MAIN ENTRY--PERSONAL NAME
9 (RLIN) 2948
Personal name Hag, Noor ul
245 ## - TITLE STATEMENT
Title Making of Pakistan
Statement of responsibility, etc. Dr. Noor-Ul-Haq
260 ## - PUBLICATION, DISTRIBUTION, ETC.
Place of publication, distribution, etc. Delhi
Name of publisher, distributor, etc. Reliance Publishing House
Date of publication, distribution, etc. c1997.
300 ## - PHYSICAL DESCRIPTION
Extent 332p. :
650 ## - SUBJECT ADDED ENTRY--TOPICAL TERM
9 (RLIN) 2951
Topical term or geographic name entry element Pakistan movement
General subdivision General
942 ## - ADDED ENTRY ELEMENTS (KOHA)
Source of classification or shelving scheme
Koha item type Book
Holdings
Withdrawn status Lost status Source of classification or shelving scheme Damaged status Not for loan Permanent Location Current Location Shelving location Date acquired Source of acquisition Cost, normal purchase price Total Checkouts Full call number Barcode Date last seen Cost, replacement price Price effective from Koha item type
          Pakistan Navy Engineering College (PNEC) Pakistan Navy Engineering College (PNEC)     Donated by Night Ilyas 0.00   954.035 NOO PNECLIB-021171 04/22/2015 0.00 04/22/2015 Book
© 2023 Central Library, National University of Sciences and Technology. All Rights Reserved.